Loading...

International archives week

Bibliographic Details
Main Author: Rejikumar J
Language:Undetermined
Subjects:
LEADER 00453nab a2200145Ia 4500
008 170811c99999999xx |||||||||||| ||und||
100 |a Rejikumar J 
245 |a International archives week 
300 |a 26-27 
653 |a  Kerala 
653 |a State Archive 
773 |t Kerala Calling   |g Vol. 33 No. 6 (April) 2013 
942 |c ART 
999 |c 181191  |d 181191 
952 |0 0  |1 0  |4 0  |7 0  |9 247039  |a LIB  |b LIB  |d 2017-08-13  |h Vol. 33 No. 6 (April) 2013  |r 2017-08-13  |w 2017-08-13  |y ART